[Event "IECC CL5-2013.02 email"]
[Site "IECC email"]
[Date "2013.05.15"]
[Round "?"]
[White "McKendry, Matthew"]
[Black "Gurgui, Dan Constantin"]
[Result "1/2-1/2"]
[WhiteElo "1564"]
[BlackElo "1376"]
[PlyCount "104"]
[EventDate "2013.??.??"]
[EventType "tourn (corr)"]
[EventRounds "4"]
[SourceTitle "Telechess CBM 165"]
[Source "ChessBase"]
[SourceDate "2015.03.11"]
[SourceVersion "1"]
[SourceVersionDate "2015.03.11"]
[SourceQuality "1"]
[WhiteTeam "US of America"]
[WhiteTeamCountry "USA"]

1. d4 d6 2. e4 f5 3. Nc3 Nf6 4. Bd3 fxe4 5. Nxe4 Nbd7 6. Bg5 c6 7. Bxf6 exf6 8. Qe2 Be7 9. Nxd6+ Kf8 10. Nxc8 Rxc8 11. Nf3 Qa5+ 12. c3 Re8 13. 0-0 Bd6 14. Qd2 Nb6 15. Rfe1 Rxe1+ 16. Qxe1 Kf7 17. Qe4 g6 18. Re1 Qxa2 19. Qe2 Kg7 20. Qe6 Qxe6 21. Rxe6 Rd8 22. c4 Na4 23. c5 Bf8 24. b4 Nc3 25. Bc4 Nd5 26. Bxd5 Rxd5 27. Kf1 Kf7 28. Re3 g5 29. Re4 h6 30. Ke2 f5 31. Re5 g4 32. Nh4 Rxe5+ 33. dxe5 Ke6 34. f4 gxf3+ 35. Nxf3 Bg7 36. Ke3 Bxe5 37. Kd3 Kd5 38. h3 Bf6 39. g3 b6 40. cxb6 axb6 41. Nd2 Be7 42. Nc4 Bxb4 43. Nxb6+ Ke5 44. Nc4+ Kf6 45. g4 fxg4 46. hxg4 Kg5 47. Ne5 c5 48. Nf7+ Kg6 49. Ne5+ Kf6 50. Nc6 Kg5 51. Ne5 Kf4 52. Nf7 Kxg4 1/2-1/2

[Event "IECC CL5-2010.03 email"]
[Site "IECC email"]
[Date "2010.04.06"]
[Round "?"]
[White "Nieuwoudt, Derick"]
[Black "McKendry, Matthew"]
[Result "0-1"]
[WhiteElo "1401"]
[BlackElo "1588"]
[PlyCount "31"]
[EventDate "2010.??.??"]
[EventType "tourn (corr)"]
[EventRounds "4"]
[SourceTitle "Corr 2013"]
[Source "ChessBase"]
[SourceDate "2012.11.12"]
[SourceVersion "1"]
[SourceVersionDate "2012.11.12"]
[SourceQuality "1"]
[WhiteTeam "South Africa"]
[BlackTeam "US of America"]
[WhiteTeamCountry "RSA"]
[BlackTeamCountry "USA"]

1. e4 e5 2. Nf3 Nc6 3. d4 exd4 4. Nxd4 Nf6 5. Nc3 Bb4 6. f3 0-0 7. Bg5 Re8 8. Bc4 d5 9. Bxd5 Bxc3+ 10. bxc3 Qxd5 11. Bxf6 gxf6 12. 0-0 Qd6 13. Nf5 Bxf5 14. exf5 Qxd1 15. Raxd1 Re5 16. g4 0-1

[Event "IECC Swiss-545.1"]
[Site "IECC email"]
[Date "2009.08.09"]
[Round "?"]
[White "Bearce, Harold L"]
[Black "McKendry, Matthew"]
[Result "0-1"]
[WhiteElo "1296"]
[BlackElo "1540"]
[PlyCount "36"]
[EventDate "2009.??.??"]
[EventType "tourn (corr)"]
[EventRounds "1"]
[SourceTitle "Telechess CBM 137"]
[Source "ChessBase"]
[SourceDate "2010.07.15"]
[SourceVersion "1"]
[SourceVersionDate "2010.07.15"]
[SourceQuality "1"]
[WhiteTeam "US of America"]
[BlackTeam "US of America"]
[WhiteTeamCountry "USA"]
[BlackTeamCountry "USA"]

1. e4 c5 2. Nf3 Nc6 3. d4 cxd4 4. Nxd4 e5 5. Nxc6 bxc6 6. Nc3 Nf6 7. h3 d5 8. Bd3 dxe4 9. Nxe4 Nxe4 10. Bxe4 Qxd1+ 11. Kxd1 Bd7 12. Re1 0-0-0 13. Be3 Bxh3+ 14. Ke2 Be6 15. Bxa7 Kb7 16. Kf1 Kxa7 17. Bxc6 Rd2 18. Re2 Bc4 0-1

[Event "IECC CL5-2009.11 email"]
[Site "IECC email"]
[Date "2009.06.24"]
[Round "?"]
[White "McKendry, Matthew"]
[Black "Lewen, Geoffrey David"]
[Result "1-0"]
[WhiteElo "1518"]
[BlackElo "1498"]
[PlyCount "81"]
[EventDate "2009.??.??"]
[EventType "tourn (corr)"]
[EventRounds "4"]
[SourceTitle "Corr 2011"]
[Source "ChessBase"]
[SourceDate "2010.08.31"]
[SourceVersion "1"]
[SourceVersionDate "2010.08.31"]
[SourceQuality "1"]
[WhiteTeam "US of America"]
[BlackTeam "US of America"]
[WhiteTeamCountry "USA"]
[BlackTeamCountry "USA"]

1. e4 d6 2. d4 Nf6 3. Nc3 g6 4. Be3 Bg7 5. Qd2 Ng4 6. h3 Nxe3 7. fxe3 e5 8. 0-0-0 0-0 9. dxe5 Bxe5 10. Nf3 Nd7 11. Nxe5 Nxe5 12. g3 Be6 13. h4 Qd7 14. b3 a6 15. Be2 Rad8 16. Kb2 Kg7 17. h5 f5 18. hxg6 Rh8 19. gxh7 fxe4 20. Nxe4 Bf5 21. Ng5 Qe7 22. e4 Qf6 23. c3 Bxh7 24. Nxh7 Rxh7 25. Rxh7+ Kxh7 26. Rh1+ Kg7 27. Rh5 Rf8 28. Rg5+ Kh7 29. Rh5+ Kg7 30. Rf5 Qe7 31. g4 Nc6 32. Rg5+ Kf7 33. Bxa6 bxa6 34. Qd5+ Ke8 35. Qxc6+ Kd8 36. Rf5 Re8 37. Qa8+ Kd7 38. Qxa6 Qxe4 39. Rf7+ Re7 40. Qa4+ Kd8 41. Rf8+ 1-0

[Event "IECC O-2980"]
[Site "IECC email"]
[Date "2009.06.24"]
[Round "?"]
[White "McKendry, Matthew"]
[Black "Von Rosenberg, Clemens"]
[Result "1-0"]
[WhiteElo "1533"]
[BlackElo "1991"]
[PlyCount "79"]
[EventDate "2009.??.??"]
[EventType "swiss (corr)"]
[EventRounds "2"]
[SourceTitle "Telechess CBM 137"]
[Source "ChessBase"]
[SourceDate "2010.07.15"]
[SourceVersion "1"]
[SourceVersionDate "2010.07.15"]
[SourceQuality "1"]
[WhiteTeam "US of America"]
[BlackTeam "Germany"]
[WhiteTeamCountry "USA"]
[BlackTeamCountry "GER"]

1. e4 c5 2. Nf3 Nc6 3. d3 g6 4. Be3 Bg7 5. Nc3 d6 6. Be2 Nf6 7. 0-0 0-0 8. Qd2 Bg4 9. Nd5 Nxd5 10. exd5 Nb4 11. c4 Qd7 12. Bd1 b5 13. a3 Na6 14. Bh6 Bxh6 15. Qxh6 Bxf3 16. Bxf3 bxc4 17. dxc4 Rfb8 18. Rae1 Rxb2 19. Re4 e5 20. dxe6 fxe6 21. Rxe6 Qxe6 22. Bd5 Qxd5 23. cxd5 Re8 24. g3 Nc7 25. Qf4 Rb6 26. Rd1 Nb5 27. Rd3 Nd4 28. Kg2 Rf8 29. Qd2 Rb7 30. h4 Kg7 31. h5 Rf5 32. h6+ Kg8 33. Qa5 Rf8 34. Qa6 Rd7 35. Rd1 Nf5 36. Rh1 Rdf7 37. a4 Rd8 38. g4 Ne7 39. Qxa7 Nxd5 40. Qa6 1-0